000 01421nam0a2200301 4500
001 RU\NLR\BIBL_A\011926033
005 20190212172200.0
010 _a978-5-9948-3029-1
_9100
021 _aRU
_bКН-П-18-099264
_9КН-П-18-7206
035 _a(NLR Aleph) 011926033
035 _a(RuMoRGB)009845198
090 _a11012900
_c11012900
100 _a20190201d2018 u y0rusy50 ca
101 0 _arus
102 _aRU
105 _aa zzzz000y1yy
200 1 _aЭкономика недвижимости
_eучебное пособие
_fР. Р. Мавлютов
_gМинистерство образования и науки Российской Федерации, Волгоградский государственный технический университет
210 _aВолгоград
_cВолгГТУ
_d2018
215 _a108 с.
_cил., табл.
_d21
320 _aБиблиогр.: с. 108
606 1 _aНедвижимое имущество
_xЭкономика
_yРоссийская Федерация
_jУчебные издания для высших учебных заведений
_2nlr_sh1
_2nlr_sh2
_3RU\NLR\AUTH\661341880
686 1 _aУ9(2)-571.1-07(2Р)я73
700 1 _aМавлютов
_bР. Р.
_gРамиль Ростемович
942 _cBOOK
980 _aNBR
980 _aNB